Veriteľ v centre pozornosti práva sympóziá, kolokviá, konferencie : zborník príspevkov z medzinárodnej vedeckej konferencie "Veriteľ v centre pozornosti práva" organizovanej Univerzitou Komenského v Bratislave, Právnickou fakultou dňa 7.12.2018

Bibliographic Details
Corporate Author: Veriteľ v centre pozornosti práva Bratislava, Slovensko (Author)
Other Authors: Burda, Eduard, 1981- (Compiler), Mihálik, Stanislav, 1993- (Compiler)
Format: Conference Proceeding Book
Language:Slovak
English
PhysicalDescription:179 strán ilustrácie
Published: Bratislava Wolters Kluwer Univerzita Komenského v Bratislave, Právnická fakulta 2019
ISBN:9788057101352
Series:Sympóziá, kolokviá, konferencie
Subjects:

MARC

LEADER 00000nam a2200000 4500
001 vtls011918190
003 SK-MaSNL
005 20260426003631.0
008 220509s2019 xo a frn 100 0 slo
015 |a SNBA2021/01 
020 |a 9788057101352  |q (brožované) 
035 |a urn:nbn:sk:snk-am00gl9u 
035 |a urn:nbn:sk:snk-am3j60g 
035 |a D6D019EE-2030-4E8F-8B67-D90CF948C33D 
040 |a SNK  |b slo  |c SNK  |e rda 
041 0 |a slo  |a eng  |b eng 
043 |a e-xo--- 
044 |a xo  |c SK 
072 7 |a 343  |x Trestné právo  |2 konspekt 
080 |a 343  |2 2011 
080 |a 343.3/.7  |2 2011 
080 |a 347.951  |2 2011 
080 |a (437.6)  |2 2011 
080 |a (062.534)  |2 2011 
111 2 |a Veriteľ v centre pozornosti práva  |d (2019 :  |c Bratislava, Slovensko)  |4 aut  |9 618826 
245 1 0 |a Veriteľ v centre pozornosti práva  |b sympóziá, kolokviá, konferencie : zborník príspevkov z medzinárodnej vedeckej konferencie "Veriteľ v centre pozornosti práva" organizovanej Univerzitou Komenského v Bratislave, Právnickou fakultou dňa 7.12.2018  |c Eduard Burda, Stanislav Mihálik (zost.) 
246 3 3 |a Sympóziá, kolokviá, konferencie Veriteľ v centre pozornosti práva 
264 1 |a Bratislava  |b Wolters Kluwer  |b Univerzita Komenského v Bratislave, Právnická fakulta  |c 2019 
300 |a 179 strán  |b ilustrácie 
336 |a text  |b txt  |2 rdacontent 
337 |a bez média  |b n  |2 rdamedia 
338 |a zväzok  |b nc  |2 rdacarrier 
490 1 |a Sympóziá, kolokviá, konferencie 
504 |a Obsahuje bibliografiu, bibliografické odkazy 
546 |a Súbežné názvy v angličtine, anglické resumé 
650 0 7 |a veritelia  |2 SNKPH  |9 20844 
650 0 7 |a trestné právo  |2 SNKPH  |9 984 
650 0 7 |a trestné činy  |2 SNKPH  |9 2181 
650 0 7 |a súdne rozhodnutia a stanoviská  |2 SNKPH  |9 4638 
650 0 7 |a Criminal law  |2 SNKPHeng  |9 266961 
650 0 7 |a Crimes  |2 SNKPHeng  |9 306532 
650 0 7 |a Judgments  |2 SNKPHeng  |9 274954 
651 7 |a Slovensko  |2 SNKPHgeo  |9 14231 
651 7 |a Slovakia  |2 SNKPHeng  |9 92630 
655 7 |a zborníky konferencií  |2 SNKPH  |9 70153 
655 7 |a Proceedings of conferences  |2 SNKPHeng  |9 265791 
700 1 |a Burda, Eduard,  |d 1981-  |4 com  |9 83961 
700 1 |a Mihálik, Stanislav,  |d 1993-  |4 com  |9 215865 
810 2 |a Univerzita Komenského v Bratislave.  |b Právnická fakulta  |t Sympóziá, kolokviá, konferencie  |9 176501 
919 |a 978-80-571-0135-2 
958 |a NB 
958 |a SP 
999 |c 950583  |d 952513 
952 |a SNK  |b SNK  |y PREZ  |7 0  |p 17A1415879  |o snkSC 187937  |i snk2020/3717  |8 0  |0 0  |1 0  |4 0  |d 2020-02-17  |f 1  |l 0  |r 2026-02-24 09:47:01  |w 2026-02-24 
952 |a SNK  |b SNK  |y VYP  |7 0  |p 17A1415880  |o snkSC 187937 D1  |i snk2020/3718  |8 0  |0 0  |1 0  |4 0  |d 2020-02-17  |l 0  |r 2026-02-24 09:47:01  |w 2026-02-24